000 00703nam a2200217 i 4500
001 116002
003 ES-MaACL
005 20250806014156.0
007 t|
008 061121s1970 sp af |||| | spa d
100 1 _aOverzier, Claus.
_988011
245 1 0 _aSistemática de la medicina interna /
_cClaus Overzier ; prólogo A. Balcells Gorina ; versión, J. Salvo Legarre.
250 _a1ª ed.
260 _aBarcelona :
_bToray,
_c1970.
300 _aXII, 451 p., lam. I-III con 2 gráf. :
_bil. ;
_c22 cm.
650 0 7 _aMedicina interna
_2embne
_914925
700 1 _aBalcells Gorina, A.
_924868
700 1 _aSalvo Legarre, J.
_9102139
852 _aES-MaACL
_jC-38502
999 _c116002
_d116002